LEADER 01876nam a2200373 u 4500 001 000000056473 003 CaOOAMICUS 005 20070226120458.0 008 790329s1974 ne u000 u eng u 020 $a9024715881 :$cfl52.50 035 $a10876573 040 $aPica$bdut$dPUL(R) 041 0 $aeng$alat 082 00$a195 098 $aNL-B7412050 100 1 $aCollins, Ardis B.$0(OLS)http://pul/name/39607 245 14$aThe secular is sacred :$bPlatonism and Thomism in Marsilio Ficino's "Platonic theology" /$cby Ardis B. Collins. 260 $aThe Hague :$bNijhoff,$c1974. 300 $ax, 223 p ;$c24 cm 490 1 $aArchives internationales d'histoire des idées ;$v69 500 $aAppendix (p. 116-215) "Texts for comparison" bevat Latijnse teksten uit Ficino's Theologia Platonica, en uit Aquinas' Summa contra gentiles. 502 $aOorspr. diss. Toronto 1968, getiteld: The doctrine of "being" in the Theology Platonica of Marisilio Ficino, with special reference to the influence of Thomas Aquinas. 504 $aBibliografie: p. [216]-219. - Met index. 700 0 $aThomas,$cAquinas, Saint,$d1225-1274.$0(OLS)http://pul/name/39608 700 1 $aFicino, Marsilio,$d1433-1499.$0(OLS)http://pul/name/13395 830 0$aArchives internationales d'histoire des idées ;$v69.$0(OLS)http://pul/title/11182 850 $aPUL 852 $aPUL$W1$xSL Filosofia 1$y2$m95 A 21$j74073$nBK-PRI$b $qStampati$B74073$CPULBib$Z2$F74073 $H $81 941 1 $a8 961 $aINV: 40830 996 $6020$a9024715881 :$cfl52.50$9(OLS)http://pul/number/71229 996 $6082$a195$9(OLS)http://pul/classification/342 996 $6245$aThe secular is sacred :$bPlatonism and Thomism in Marsilio Ficino's "Platonic theology"$9(OLS)http://pul/title/75535 996 $6260$aThe Hague :$bNijhoff$9(OLS)http://pul/publisher/51810 LEADER 01155nam a2200277 a 4500 001 000000145209 003 CaOOAMICUS 005 20150723131014.0 008 150723s1971 it u000 u ita r 040 $aPUL$bita 041 1 $aita$hger 100 1 $aSchenke, Ludger,$d1940-$0(OLS)http://pul/name/19363 240 10$aHerrlichkeit und Kreuz.$lItaliano.$0(OLS)http://pul/title/183642 245 10$aGloria e croce :$bcome è sorto il Vangelo di Marco? /$cLudger Schenke. 260 $aCatania :$bPaoline,$c©1971. 300 $a110 p. ;$c16 cm 490 1 $aCollanina biblica ;$v07 630 04$aBiblia.$pN.T.$pMarcus$xCritica e interpretazione.$0(OLS)http://pul/subject/37840 830 0$aCollanina biblica ;$v07.$0(OLS)http://pul/title/183639 850 $aPUL 852 $aPUL$W1$xDP1 Fondo S. Lanza$y121$m3 L 31$j167879$qFondi$B168438$CPULBib$Z2$F168438 $HLan549 $82 941 1 $a1 961 $aNota ms. di possesso: Sergio Lanza 996 $6245$aGloria e croce :$bcome è sorto il Vangelo di Marco?$9(OLS)http://pul/title/183643 996 $6260$aCatania :$bPaoline$9(OLS)http://pul/publisher/69272